Transgenic mice and mutants in MHC research /

Bibliographic Details
Corporate Author: International Conference on Transgenic Mice and Mutants in MHC Research
Other Authors: Egorov, I. K. (Igor K.), David, Chella S.
Format: Conference Proceeding Book
Language:English
Published: Berlin ; New York : Springer-Verlag, [1990]
Subjects:

MARC

Tag First Indicator Second Indicator Subfields
LEADER 00000cam a2200000 a 4500
001 in00004472966
005 20191202143236.0
008 900116s1990 wb a b 10100 eng
010 |a  90009461  
020 |a 0387522018 (U.S. : alk. paper) 
035 |a (OCoLC)21038105 
035 |9 AAE2459MS 
035 |z (UtOrBLW)13559 
035 |a 24142 
040 |a DLC  |c DLC  |d TMV  |d UtOrBLW 
049 |a TMVM  |c 1 
050 0 0 |a QR184.315  |b .T73 1990 
060 4 |a QW 541  |b T772 1989 
082 0 0 |a 599/.029  |2 20 
245 0 0 |a Transgenic mice and mutants in MHC research /  |c I.K. Egorov and C.S. David, eds. 
264 1 |a Berlin ;  |a New York :  |b Springer-Verlag,  |c [1990] 
264 4 |c ©1990 
300 |a xv, 317 pages :  |b illustrations ;  |c 25 cm. 
336 |a text  |2 rdacontent  |b txt 
337 |a unmediated  |2 rdamedia 
338 |a volume  |2 rdacarrier  |b nc 
500 |a "Papers presented at the International Conference on Transgenic Mice and Mutants in MHC Research, held in Bar Harbor, Maine, in June, 1989"-- Pref. 
504 |a Includes bibliographical references and index. 
650 2 |a Major Histocompatibility Complex. 
650 2 |a Mice, Transgenic  |x immunology. 
655 7 |a Congresses.  |2 mesh 
700 1 |a Egorov, I. K.  |q (Igor K.) 
700 1 |a David, Chella S. 
711 2 |a International Conference on Transgenic Mice and Mutants in MHC Research  |d (1989 :  |c Bar Harbor, Maine) 
999 |a MARS 
999 f f |s e20bf9af-5b03-3f19-bad3-c474a909bb86  |i 867a55a3-7f2a-316b-ae05-f28b4d91f372  |t 0 
952 f f |p ric  |a Texas A&M University  |b Rellis Campus  |c Joint Library Facility  |d Remote Storage  |t 0  |e QW 541 T772 1989  |h National Library of Medicine classification  |i unmediated -- volume  |m 323890095878J 
998 f f |a QW 541 T772 1989  |t 0  |l Remote Storage